Sports Quiz

Random Sports or NBA Quiz

Top 50 NBA Scorers Minefield Quiz Stats

Quiz Updated Jun 12, 2017

Challenge
Share
Tweet
Embed
Score 0/51 Timer 10:00
43 Plays Today
Points Player % Correct
32,292???
83.6%
38,387???
79.2%
33,643???
75.6%
36,928???
72.2%
27,409???
71.4%
31,419???
59.9%
28,787???
56.9%
28,596???
54.3%
21,791???
49.3%
30,260???
44.8%
26,496???
42.3%
26,946???
36.9%
19,202???
36.1%
25,192???
35.4%
26,071???
35%
26,397???
34%
24,368???
33.6%
20,790???
31.1%
19,591???
30.8%
24,815???
30.1%
23,757???
29.7%
24,505???
28%
26,710???
26.8%
23,149???
23.9%
26,395???
23.8%
26,668???
23.1%
Points Player % Correct
25,279???
22.8%
27,313???
20.5%
25,613???
19.8%
22,195???
19.7%
24,555???
18.4%
24,156???
18.3%
20,708???
16.6%
20,033???
13.8%
23,334???
13.6%
21,317???
12.2%
20,880???
12.1%
23,177???
11.8%
19,711???
11.8%
21,813???
9.9%
19,655???
7.8%
21,586???
5.6%
(*)???
5.1%
20,497???
4.9%
20,049???
4.7%
20,042???
4.5%
20,941???
4.4%
20,001???
4.2%
19,248???
3.7%
19,521???
3.1%
19,460???
2.4%

You're not logged in!

Compare scores with friends on all Sporcle quizzes.
Sign Up with Email
OR
Log In

You Might Also Like...

Show Comments

Extras

Top Quizzes Today


Score Distribution

Your Account Isn't Verified!

In order to create a playlist on Sporcle, you need to verify the email address you used during registration. Go to your Sporcle Settings to finish the process.